| 000 | 00814cab a2200217 4500 | ||
|---|---|---|---|
| 001 | WB2903-72 | ||
| 008 | 090401t1993 xxu||||| |||| 00| 0 eng d | ||
| 035 | _a(Sirsi) u32139 | ||
| 041 | _aeng | ||
| 245 | _aWilson building | ||
| 260 | _c1993 | ||
| 350 | _a0 | ||
| 490 |
_aRICS Press Release _v(PR7/93) 14 January 1993 (2) |
||
| 520 | _aThe RICS Education Trust and the governing body of the Fitzwilliam College, Cambridge, have jointly announced the appointment of the Cambridge-based firm of Rattee & Kett (part of the Mowlem Group) as main contractor for the Wilson Building. | ||
| 650 | _aCAMBRIDGE UNIVERSITY | ||
| 650 | _aFITZWILLIAM COLLEGE | ||
| 650 | _aWILSON CENTRE FOR SURVEYING STUDIES | ||
| 690 | _aMANAGEMENT-BUSINESS MANAGEMENT-PROFESSIONAL PRACTICE | ||
| 942 | _n0 | ||
| 948 | _c04/03/1997 | ||
| 999 |
_c21569 _d21569 |
||